000 00470nam a2200181Ia 4500
008 210719s2021 xx 000 0 und d
020 _a978-1-138-57277-5
041 _aeng
082 _a394.2068 RYAM
100 _aRYAN (W Gerard)
245 _aManaging international events
260 _aLondon
_bRoutledge
_c2021
300 _axix,346
_bPB
365 _b3891.35
_cGBP
650 _aCustoms
650 _aManagement
906 _aevents ; international ; Managing
999 _c212050
_d212050